000 00183 a2200097 4500
020 _a9788499512433
041 _aspa
100 _aDisney
245 _aOso Agente especial
942 _cBK
999 _c15848
_d15848